| 000 | 00626nam a22002417a 4500 | ||
|---|---|---|---|
| 003 | OSt | ||
| 005 | 20140310183015.0 | ||
| 008 | 130212t xxu||||| |||| 00| 0 eng d | ||
| 020 | _a9789712724329 | ||
| 050 |
_aPE 1106 _b.M34 2010 |
||
| 100 | _aMalicsi, Jonathan | ||
| 245 |
_aThe English linguistics project : _b English manual / _cJonathan Malicsi. |
||
| 260 |
_aPasig City : _bAnvil Pub., _c2010. |
||
| 300 |
_a454 p. : _bill. ; _c 26 cm. |
||
| 521 | _aEDU | ||
| 562 | _e4 | ||
| 650 | _aEnglish language | ||
| 942 |
_2lcc _cBK _kLOC |
||
| 999 |
_c18298 _d18298 |
||